Transportation in America Users, Carriers, Government
Enregistré dans:
| Auteur principal: | |
|---|---|
| Format: | Livre |
| Langue: | anglais |
| Publié: |
Englewood Cliffs
Prentice Hall
1982
|
| Édition: | 2. ed. |
| Sujets: | |
| Tags: |
Pas de tags, Soyez le premier à ajouter un tag!
|
MARC
| LEADER | 00000nam a2200000 4500 | ||
|---|---|---|---|
| 001 | c018980 | ||
| 005 | 20221207075128.2 | ||
| 020 | |a 0-13-930297-2 | ||
| 041 | 0 | |a eng | |
| 044 | |a US | ||
| 245 | 1 | 0 | |a Transportation in America |b Users, Carriers, Government |c Donald V. Harper |
| 250 | |a 2. ed. | ||
| 264 | 1 | |a Englewood Cliffs |b Prentice Hall |c 1982 | |
| 300 | |a 645 s. | ||
| 610 | 2 | 0 | |a doprava |
| 610 | 2 | 0 | |a doprava vnútroštátna |
| 610 | 2 | 0 | |a organizácia dopravy |
| 610 | 2 | 0 | |a zmeny technologické |
| 610 | 2 | 0 | |a rozvoj technický |
| 610 | 2 | 0 | |a financovanie |
| 610 | 2 | 0 | |a služby dopravné |
| 610 | 2 | 0 | |a cestujúci |
| 610 | 2 | 0 | |a prevádzka dopravy |
| 610 | 2 | 0 | |a spoločnosti dopravné |
| 610 | 2 | 0 | |a vláda |
| 610 | 2 | 0 | |a regulácia |
| 610 | 2 | 0 | |a USA |
| 100 | 1 | |a Harper, Donald V. | |